| 000 | 00629nam a22001217a 4500 | ||
|---|---|---|---|
| 008 | 110614t xxu||||| |||| 00| 0 eng d | ||
| 010 | _aSCCAF21 | ||
| 245 | _aSupreme Court Criminal Appeal No. 35 OF 2002 Twinomugisha Alex alias Twine and 2 others Vs Uganda | ||
| 260 | _c2002 | ||
| 500 | _aCoram: Oder, Tsekooko, Karokora, Kanyeihamba, and Kato, J.J.S.C. | ||
| 500 | _aAn Appeal from the decision of the Court of Appeal of Uganda: Mukasa-Kikonyogo, DCJ, Engwau, and Twinomujuni, J.J.A, in Crim. App. No. 1 of 2001 dated 11/7/2002 | ||
| 999 |
_c2913 _d2913 |
||